Countries With Multiple Olympic Host Cities - Statistics

General Stats
  • This quiz has been taken 109 times
  • The average score is 7 of 8
Answer Stats
# Cities Country % Correct
6 St. Louis, Lake Placid, Squaw Valley, Los Angeles, Atlanta, Salt Lake City United States
100%
5 Paris, Chamonix, Grenoble, Albertville, French Alps (Nice) France
97%
3 Garmisch-Partenkirchen, Berlin, Munich (West Germany) Germany
97%
4 Cortina d'Ampezzo, Rome, Turin, Milan Italy
96%
3 Montreal, Calgary, Vancouver Canada
93%
3 Melbourne, Sydney, Brisbane Australia
92%
3 Tokyo, Sapporo, Nagano Japan
92%
2 Seoul, Pyeongchang South Korea
81%
No matching quizzes found
Score Distribution
Percent of People with Each Score
Percentile by Number Answered
Your Score History
You have not taken this quiz